|
|
|
|
| LEADER |
00000naa0a2200000 4500 |
| 001 |
663389 |
| 005 |
20250813132408.0 |
| 035 |
|
|
|a (RuTPU)RU\TPU\network\34558
|
| 035 |
|
|
|a RU\TPU\network\31689
|
| 090 |
|
|
|a 663389
|
| 100 |
|
|
|a 20210209d2020 k y0rusy50 ca
|
| 101 |
0 |
|
|a rus
|
| 102 |
|
|
|a RU
|
| 135 |
|
|
|a drcn ---uucaa
|
| 181 |
|
0 |
|a i
|
| 182 |
|
0 |
|a b
|
| 200 |
1 |
|
|a Плазмохимический синтез оксидных порошков для уран-ториевого ядерного топлива
|f А. Е. Тихонов, И. Ю. Новосёлов
|
| 203 |
|
|
|a Текст
|c электронный
|
| 300 |
|
|
|a Заглавие с экрана
|
| 320 |
|
|
|a [Библиогр.: с. 262 (6 назв.)]
|
| 330 |
|
|
|a В статье рассмотрен процесс плазмохимического синтеза оксидных композиций для топлива нового поколения - дисперсионного уран-ториевого ядерного топлива. В процессе исследований проводился расчет показателей горения исходных прекурсоров - водно-органических нитратных растворов, основу которых составляли нитраты уранила и тория (делящиеся компоненты), а также нитрат магния (материал матрицы). Органическим компонентом растворов выступал ацетон C2H6O ввиду достаточно высокого значения теплотворной способности и хорошей взаимной растворимости. В ходе термодинамического моделирования были определены оптимальные режимы переработки исходных водно-органических нитратных растворов в низкотемпературной воздушной плазме. Экспериментальные исследования по получению опытных партий порошков проведены на модельных смесях, в которых нитраты уранила и тория заменены на нитраты неодима и церия, находящиеся с ними в одной группе периодической таблицы. Для исследования морфологии и размера частиц проводились электронная микроскопия.
|
| 463 |
|
|
|t Низкотемпературная плазма в процессах нанесения функциональных покрытий
|o сборник статей XI Международной научно-технической конференции, Казань, 6-9 Ноября 2019
|v [С. 259-262]
|d 2020
|
| 610 |
1 |
|
|a труды учёных ТПУ
|
| 610 |
1 |
|
|a электронный ресурс
|
| 610 |
1 |
|
|a высокочастотный факельный разряд
|
| 610 |
1 |
|
|a плазма
|
| 610 |
1 |
|
|a дисперсионное топливо
|
| 610 |
1 |
|
|a ядерное топливо
|
| 700 |
|
1 |
|a Тихонов
|b А. Е.
|c специалист в области ядерных технологий
|c техник Томского политехнического университета
|f 1997-
|g Алексей Евгеньевич
|3 (RuTPU)RU\TPU\pers\46582
|9 22240
|
| 701 |
|
1 |
|a Новосёлов
|b И. Ю.
|c специалист в области ядерных технологий
|c инженер-исследователь Томского политехнического университета
|f 1989-
|g Иван Юрьевич
|3 (RuTPU)RU\TPU\pers\32434
|
| 712 |
0 |
2 |
|a Национальный исследовательский Томский политехнический университет
|b Инженерная школа ядерных технологий
|b Отделение ядерно-топливного цикла
|3 (RuTPU)RU\TPU\col\23554
|
| 801 |
|
2 |
|a RU
|b 63413507
|c 20210331
|g RCR
|
| 856 |
4 |
|
|u https://kpfu.ru/portal/docs/F_1746516700/Sbornik_statej_NTP_2019.pdf#page=259
|
| 942 |
|
|
|c CF
|